000 00675nam a2200217Ia 4500
003 GCL
008 140319s9999 xx 000 0 ara d
040 _aGCL /
_cGCL
082 0 4 _a404
_bا م
100 1 _aابركرومبى، ديفيد
245 1 0 _aمبادىء علم الاصوات العام /
_cابركرومبى، ديفيد
700 1 _aمحمد فتيح
260 _a[S.N] :
_bلجنة الاعلام والدراسات المستقبلية ،
_c1988
300 _a374 ص
490 _a
650 0 4 _aالاصوات اللغوية
650 0 4 _aالكتابة
650 0 4 _aاللغة العربية
650 0 4 _aالصوتيات
942 _2ddc
_cBK
999 _c32298
_d32298